On This Day: February 1st Quiz Stats

Quiz Updated Feb 1, 2018

Challenge
Share
Tweet
Embed
Score 0/0 Timer 00:00
0 Plays Today
Question Answer Wrong Answers
Ayatollah Ruhollah Khomeini returns to ______ after nearly 15 years of exile.
1979
Tehran
81.8%
Baghdad
8.7%
Riyadh
2.9%
Kabul
4.3%
President Abraham Lincoln signs this Amendment to the US Constitution, which abolishes slavery and involuntary servitude in the United States.
1865
13th
68.9%
14th
13.1%
15th
9.8%
12th
7.7%
This American poet, author, and prominent figure of the Harlem Renaissance, is born.
1902
Langston Hughes
64%
Zora Neale Hurston
9.3%
William Burroughs
13.4%
Dizzy Gillespie
11.5%
This Space Shuttle disintegrates during reentry into the Earth's atmosphere, killing all seven astronauts aboard.
2003
Columbia
63.7%
Atlantis
4.2%
Discovery
19.3%
Endeavor
10.2%
The Beatles score their first number one hit in the United States with this song.
1964
I Want to Hold Your Hand
62.2%
She Loves You
20%
Can't Buy Me Love
9.1%
Twist and Shout
6.6%
Already in conflict with several other European powers, this country officially declares war on Great Britain and the Dutch Republic.
1793
France
56.1%
Spain
14%
Russia
8.7%
Prussia
21.1%
Thomas A. Edison finishes construction of the first ______, the Black Maria in West Orange, New Jersey.
1893
Motion Picture Studio
33.9%
Light Bulb Factory
32.2%
Phonograph Dance Hall
8.1%
Roller Coaster
24.7%

Today's Daily Dose

You're not logged in!

Compare scores with friends on all Sporcle quizzes.
Sign Up with Email
OR
Log In

You Might Also Like...

Show Comments

Extras

Top Quizzes Today


Score Distribution

Your Account Isn't Verified!

In order to create a playlist on Sporcle, you need to verify the email address you used during registration. Go to your Sporcle Settings to finish the process.

Report this User

Report this user for behavior that violates our Community Guidelines.

Details: